Eastern Utah Libraries Catalog: Duchesne, Heber, Roosevelt, & Vernal

Sunny Chandler's return / (Record no. 6840)

MARC details
000 -LEADER
fixed length control field 00976cam a22003618a 4500
003 - CONTROL NUMBER IDENTIFIER
control field DLC
005 - DATE AND TIME OF LATEST TRANSACTION
control field 20241220104233.0
008 - FIXED-LENGTH DATA ELEMENTS--GENERAL INFORMATION
fixed length control field 030521s2004 nyu 000 1 eng
001 - CONTROL NUMBER
control field 2003052324
010 ## - LIBRARY OF CONGRESS CONTROL NUMBER
LC control number 2003052324
020 ## - INTERNATIONAL STANDARD BOOK NUMBER
International Standard Book Number 0553104284
035 ## - SYSTEM CONTROL NUMBER
System control number (Sirsi) i9780553104288
040 ## - CATALOGING SOURCE
Original cataloging agency DLC
Transcribing agency DLC
050 00 - LIBRARY OF CONGRESS CALL NUMBER
Classification number PS3552.R718
Item number S74 2004
082 00 - DEWEY DECIMAL CLASSIFICATION NUMBER
Classification number 813/.54
Edition number 21
082 ## - DEWEY DECIMAL CLASSIFICATION NUMBER
Classification number BRO
092 ## - LOCALLY ASSIGNED DEWEY CALL NUMBER (OCLC)
Classification number BRO
100 1# - MAIN ENTRY--PERSONAL NAME
Personal name Brown, Sandra,
Dates associated with a name 1948-
9 (RLIN) 30315
245 10 - TITLE STATEMENT
Title Sunny Chandler's return /
Statement of responsibility, etc Sandra Brown.
250 ## - EDITION STATEMENT
Edition statement Bantam hardcover ed.
260 ## - PUBLICATION, DISTRIBUTION, ETC. (IMPRINT)
Place of publication, distribution, etc New York :
Name of publisher, distributor, etc Bantam Books,
Date of publication, distribution, etc 2004.
263 ## - PROJECTED PUBLICATION DATE
Projected publication date 0401
300 ## - PHYSICAL DESCRIPTION
Extent 209 p. ;
Dimensions 22 cm.
650 #0 - SUBJECT ADDED ENTRY--TOPICAL TERM
Topical term or geographic name as entry element Sheriffs
Form subdivision Fiction.
9 (RLIN) 5674214
650 #0 - SUBJECT ADDED ENTRY--TOPICAL TERM
Topical term or geographic name as entry element Weddings
Form subdivision Fiction.
9 (RLIN) 5674159
650 #0 - SUBJECT ADDED ENTRY--TOPICAL TERM
Topical term or geographic name as entry element Scandals
Form subdivision Fiction.
9 (RLIN) 5686000
650 #0 - SUBJECT ADDED ENTRY--TOPICAL TERM
Topical term or geographic name as entry element Seduction
Form subdivision Fiction.
9 (RLIN) 5742303
651 #0 - SUBJECT ADDED ENTRY--GEOGRAPHIC NAME
Geographic name Louisiana
Form subdivision Fiction.
9 (RLIN) 5695961
655 #0 - INDEX TERM--GENRE/FORM
Genre/form data or focus term Love stories.
9 (RLIN) 6095302
942 ## - ADDED ENTRY ELEMENTS (KOHA)
Koha item type BOOK
979 ## -
-- 279197
998 ## - LOCAL CONTROL INFORMATION (RLIN)
-- a13206
Holdings
Withdrawn status Lost status Source of classification or shelving scheme Damaged status Not for loan Collection code Home library Current library Shelving location Date acquired Source of acquisition Total Checkouts Total Renewals Full call number Barcode Date last seen Date checked out Cost, replacement price Price effective from Koha item type
    Dewey Decimal Classification     Fiction Wasatch County Library Wasatch County Library First Floor 06/23/2020 Donation 7 7 F Brown 34301001520990 06/13/2025 06/12/2025 19.95 06/23/2020 BOOK
This project was made possible through a grant from the Institute of Museum and Library Service administered by the Utah State Library Division.

Wasatch County Library

  • 465 East 1200 South, Heber City, Utah 84032
  • Phone 435-654-1511 | Fax 435-654-6456

Hours

  • Monday - Friday 9:30 AM - 8:00 PM
  • Saturday 9:30 AM - 1:30 PM
  • Closed Sundays and Holidays